|
|
|
|
| LEADER |
01044nam a2200349 4500 |
| 001 |
DLU120144982 |
| 005 |
##20121221 |
| 040 |
# |
# |
|a DLU
|b vie
|
| 041 |
# |
# |
|a vie
|
| 044 |
# |
# |
|a vn
|
| 082 |
# |
# |
|a 005.133
|b XU-T
|
| 100 |
# |
# |
|a Xuân Thịnh,
|c ThS.
|
| 245 |
# |
# |
|a Kỹ thuật và thủ thuật lập trình Visual Basic 2010 - 2011.
|n t.II :
|b Từ căn bản đến nâng cao - dành cho học sinh, sinh viên các trường Cao đẳng và Đại học /
|c Xuân Thịnh, Nam Thuận.
|
| 250 |
# |
# |
|a New edition
|
| 260 |
# |
# |
|a H. :
|b Hồng đức,
|c 2011.
|
| 300 |
# |
# |
|a 303 tr. :
|b minh hoạ ;
|c 24cm.
|
| 490 |
# |
# |
|a Sổ tay tin học lập trình.
|
| 650 |
# |
# |
|a BASIC (Ngôn ngữ chương trình máy tính).
|
| 650 |
# |
# |
|a Microsoft Visual BASIC.
|
| 700 |
# |
# |
|a Nam Thuận.
|
| 923 |
# |
# |
|a 08/2012
|
| 990 |
# |
# |
|a t.II
|
| 991 |
# |
# |
|a GT
|
| 992 |
# |
# |
|a 52000
|
| 994 |
# |
# |
|a DLU
|
| 900 |
# |
# |
|a True
|
| 911 |
# |
# |
|a Đào Thị Thu Huyền
|
| 925 |
# |
# |
|a G
|
| 926 |
# |
# |
|a A
|
| 927 |
# |
# |
|a SH
|
| 980 |
# |
# |
|a Thư viện Trường Đại học Đà Lạt
|